Φυσική = Physics
Αποθηκεύτηκε σε:
| Κύριος συγγραφέας: | |
|---|---|
| Άλλοι συγγραφείς: | , |
| Μορφή: | Βιβλίο |
| Γλώσσα: | Greek English |
| Δημοσίευση: |
Αθήνα :
Γ. & Α. Πνευματικός,
c2009.
|
| Έκδοση: | 4η έκδοση. |
| Θέματα: | |
| Ετικέτες: |
Προσθήκη ετικέτας
Δεν υπάρχουν, Καταχωρήστε ετικέτα πρώτοι!
|
MARC
| LEADER | 00000cam a2200000 i 4500 | ||
|---|---|---|---|
| 001 | 1/8879 | ||
| 008 | 100701s2009 gr ||| |||| ||gre|| | ||
| 020 | |a 9789607258731 |q (set) | ||
| 020 | |a 9789607258748 |q (τ. 1) | ||
| 020 | |a 9789607258755 |q (τ. 2) | ||
| 035 | |l 10108424 | ||
| 035 | |l 10116309 | ||
| 040 | |a GR-MyUa |b gre |e AACR2 | ||
| 041 | 1 | |a gre |h eng | |
| 082 | 7 | |a 530 |2 (22) | |
| 100 | 1 | |a Resnick, Robert, |d 1923-2014. | |
| 245 | 1 | 0 | |a Φυσική = |b Physics / |c Robert Resnick, David Halliday, Kenneth S. Krane ; μετάφραση Αθανάσιος Ακύλας, Γεώργιος Διαμαντόπουλος. |
| 246 | 1 | |i Παράλληλος τίτλος: |a Physics | |
| 250 | |a 4η έκδοση. | ||
| 260 | |a Αθήνα : |b Γ. & Α. Πνευματικός, |c c2009. | ||
| 300 | |a 2 τ. : |b εικ. ; |c 28 εκ. | ||
| 500 | |a Περιλαμβάνει ευρετήρια. | ||
| 500 | |a Τίτλος πρωτοτύπου: Physics, 4th ed. | ||
| 650 | 0 | |a Physics. | |
| 700 | 1 | |a Halliday, David, |d 1916-2010. | |
| 700 | 1 | |a Krane, Kenneth S. | |
| 852 | |a INST |b CHIOS |c EUDOXUS |e 20190207 |h 530 HAL |p 005200038582 |q 005200038582 |t BK |v τ.1: |y 0 | ||
| 852 | |a INST |b LESVOS |c EUDOXUS |e 20140113 |h 530 HAL |p 005100052715 |q 005100052715 |t EDX |y 0 |z τ.1 | ||
| 852 | |a INST |b LESVOS |c EUDOXUS |e 20140113 |h 530 HAL |p 005100052716 |q 005100052716 |t EDX |y 0 |z τ.1 | ||
| 852 | |a INST |b LESVOS |c EUDOXUS |e 20140113 |h 530 HAL |p 005100052715 |q 005100052715 |t EDX |v τ.1: |y 0 |z τ.1 | ||
| 852 | |a INST |b LESVOS |c EUDOXUS |e 20140113 |h 530 HAL |p 005100052716 |q 005100052716 |t EDX |v τ.1: |y 0 |z τ.1 | ||
| 852 | |a INST |b SAMOS |c EUDOXUS |e 20140210 |h 530 HAL |p 005300036415 |q 005300036415 |t EDX |y 0 |z τ.1 | ||
| 852 | |a INST |b SAMOS |c EUDOXUS |e 20140210 |h 530 HAL |p 005300036416 |q 005300036416 |t EDX |y 4 |x 20220117 |z τ.1 | ||
| 852 | |a INST |b SAMOS |c EUDOXUS |e 20140210 |h 530 HAL |p 005300036417 |q 005300036417 |t EDX |y 0 |z τ.1 | ||
| 852 | |a INST |b SAMOS |c EUDOXUS |e 20140210 |h 530 HAL |p 005300036415 |q 005300036415 |t EDX |v τ.1: |y 0 |z τ.1 | ||
| 852 | |a INST |b SAMOS |c EUDOXUS |e 20140210 |h 530 HAL |p 005300036416 |q 005300036416 |t EDX |v τ.1: |y 4 |x 20220117 |z τ.1 | ||
| 852 | |a INST |b SAMOS |c EUDOXUS |e 20140210 |h 530 HAL |p 005300036417 |q 005300036417 |t EDX |v τ.1: |y 0 |z τ.1 | ||
| 852 | |a INST |b SYROS |e 20100701 |h 530 RES |p 005500007657 |q 005500007657 |t BK |y 0 |z τ.1 | ||
| 852 | |a INST |b SYROS |e 20100701 |h 530 RES |p 005500007658 |q 005500007658 |t BK |y 0 |z τ.2 | ||
| 852 | |a INST |b SYROS |e 20110314 |h 530 RES |p 005500009290 |q 005500009290 |t BK |y 0 |z τ.2 | ||
| 852 | |a INST |b SYROS |e 20100701 |h 530 RES |p 005500007657 |q 005500007657 |t BK |v τ.1: |y 0 |z τ.1 | ||
| 852 | |a INST |b SYROS |e 20100701 |h 530 RES |p 005500007658 |q 005500007658 |t BK |v τ.2: |y 0 |z τ.2 | ||
| 852 | |a INST |b SYROS |e 20110314 |h 530 RES |p 005500009290 |q 005500009290 |t BK |v τ.2: |y 0 |z τ.2 | ||
| 852 | |a INST |b SYROS |c EUDOXUS |e 20110314 |h 530 RES |p 005500009288 |q 005500009288 |t EDX |y 0 |z τ.1 | ||
| 852 | |a INST |b SYROS |c EUDOXUS |e 20110314 |h 530 RES |p 005500009289 |q 005500009289 |t EDX |y 0 |z τ.2 | ||
| 852 | |a INST |b SYROS |c EUDOXUS |e 20110314 |h 530 RES |p 005500009288 |q 005500009288 |t EDX |v τ.1: |y 0 |z τ.1 | ||
| 852 | |a INST |b SYROS |c EUDOXUS |e 20110314 |h 530 RES |p 005500009289 |q 005500009289 |t EDX |v τ.2: |y 0 |z τ.2 | ||
| 853 | |a INST |b CHIOS |c EUDOXUS |h 530 HAL | ||
| 853 | |a INST |b LESVOS |c EUDOXUS |h 530 HAL | ||
| 853 | |a INST |b SAMOS |c EUDOXUS |h 530 HAL | ||
| 853 | |a INST |b SYROS |h 530 RES | ||
| 853 | |a INST |b SYROS |c EUDOXUS |h 530 RES | ||
| 901 | |a BIBL5-2011-1 | ||
| 901 | |a BIBL5-2010-2 | ||
| 901 | |a BIBL3-2013-1 | ||
| 901 | |a BIBL1-2014-1 | ||
| 920 | |a Εύδοξος |b Παραγγελία |y Χίος-ΤΜΟΔ |z 2019-02 | ||
| 920 | |a Εύδοξος |b Επιστροφή |y Σύρος |z 2011-03 | ||
| 920 | |a Ντουφεξής-Αμουργιανός |b Κωνσταντίνος |y Σύρος |z 2010-06 | ||
| 920 | |a ΕΥΔΟΞΟΣ |b ΠΑΡΑΓΓΕΛΙΑ |y Σάμος-ΤΜΑΘ |z 2013-12 | ||
| 920 | |a ΕΥΔΟΞΟΣ |b ΠΑΡΑΓΓΕΛΙΑ |y Λέσβος-ΤΕΘ |z 2013-04 | ||
| 970 | |a Κοντού |b Παρασκευή |z 01/07/2010 | ||